[Event "EU-ch blitz"]
[Site "Tallinn"]
[Date "2019.12.07"]
[Round "8"]
[White "Lysyj, Igor"]
[Black "Grewenig, Jan"]
[Result "1-0"]
[WhiteElo "2600"]
[BlackElo "2305"]
[PlyCount "42"]
[EventDate "2019.12.07"]
[EventType "swiss (blitz)"]
[EventRounds "22"]
[EventCountry "EST"]
[SourceTitle "CBM 193 Extra"]
[Source "ChessBase"]
[SourceDate "2020.01.31"]
[SourceVersion "1"]
[SourceVersionDate "2020.01.31"]
[SourceQuality "1"]

1. d4 d5 2. c4 Nc6 3. Nc3 Nf6 4. Nf3 Bg4 5. cxd5 Nxd5 6. e4 Nxc3 7. bxc3 Bxf3 8. Qxf3 e5 9. d5 Na5 10. Qg3 f6 11. Bb5+ c6 12. dxc6 bxc6 13. Be2 Qc7 14. 0-0 Bc5 15. Kh1 0-0 16. f4 exf4 17. Bxf4 Qe7 18. Bd3 Rad8 19. Qh3 Qd7 20. Qxd7 Rxd7 21. Bc2 Re8 1-0

[Event "Oberliga Sued W 1920"]
[Site "Germany"]
[Date "2019.11.24"]
[Round "3.6"]
[White "Grewenig, Jan"]
[Black "Jenner, Meikel"]
[Result "1/2-1/2"]
[WhiteElo "2114"]
[BlackElo "1905"]
[PlyCount "90"]
[EventDate "2019.09.29"]
[EventType "team-tourn"]
[EventRounds "9"]
[EventCountry "GER"]
[SourceTitle "EXT 2021"]
[Source "ChessBase"]
[SourceDate "2020.10.23"]
[SourceVersion "1"]
[SourceVersionDate "2020.10.23"]
[SourceQuality "1"]

1. e4 c5 2. Nf3 g6 3. d4 cxd4 4. Nxd4 Nc6 5. Nc3 Bg7 6. Be3 Nf6 7. Bc4 Qa5 8. 0-0 0-0 9. Bb3 d6 10. h3 Bd7 11. Re1 Rfc8 12. Qe2 a6 13. Rad1 b5 14. f4 b4 15. Nd5 Nxd5 16. exd5 Nxd4 17. Bxd4 Bxd4+ 18. Rxd4 Qc5 19. Qd2 a5 20. Rxe7 Bb5 21. f5 a4 22. f6 axb3 23. Kh2 Qxd4 24. Qxd4 bxc2 25. Re1 c1Q 26. Rxc1 Rxc1 27. Qxb4 Bc4 28. b3 Ba6 29. Qf4 Rf1 30. Qxd6 Bd3 31. a4 Rf5 32. g4 Rf2+ 33. Kg3 Re2 34. Qf4 Kh8 35. Qc7 Kg8 36. d6 Ree8 37. Qc1 Kh8 38. b4 Rxa4 39. d7 Rg8 40. Qc7 Raa8 41. d8Q Raxd8 42. Qxf7 Be4 43. Qc7 Bd5 44. f7 Bxf7 45. Qxf7 Rgf8 1/2-1/2

[Event "Oberliga Sued W 1819"]
[Site "Germany"]
[Date "2019.01.20"]
[Round "5.7"]
[White "Grewenig, Jan"]
[Black "Tresch, Lukas"]
[Result "1-0"]
[WhiteElo "2129"]
[BlackElo "2037"]
[PlyCount "115"]
[EventDate "2018.10.21"]
[EventType "team-tourn"]
[EventRounds "9"]
[EventCountry "GER"]
[SourceTitle "EXT 2020"]
[Source "ChessBase"]
[SourceDate "2019.10.17"]
[SourceVersion "1"]
[SourceVersionDate "2019.10.17"]
[SourceQuality "1"]
[WhiteTeam "Schwarzenbach Caissa"]
[BlackTeam "Frankenthal"]
[WhiteTeamCountry "GER"]
[BlackTeamCountry "GER"]

1. e4 e5 2. Nf3 Nc6 3. d4 exd4 4. Nxd4 Nf6 5. Nxc6 bxc6 6. e5 Qe7 7. Qe2 Nd5 8. c4 Ba6 9. b3 g6 10. f4 d6 11. Qf2 Nb6 12. Be2 dxe5 13. Bb2 Bg7 14. 0-0 Qe6 15. Nd2 0-0 16. Ne4 Nd7 17. Rae1 f5 18. Ng5 Qe7 19. Nf3 e4 20. Bxg7 Kxg7 21. Nd4 Bb7 22. Qe3 Rad8 23. Rc1 c5 24. Nb5 c6 25. Nc3 Rfe8 26. Na4 Bc8 27. Rfd1 Nf8 28. Nxc5 Ne6 29. Na4 Qc7 30. g3 c5 31. Rd5 Bb7 32. Rdd1 Nd4 33. Nc3 Qa5 34. Kf2 Kg8 35. Rd2 Rd7 36. Rcd1 Red8 37. Nb5 Qb6 38. b4 Nc2 39. Rxd7 Rxd7 40. Qxc5 Qxc5+ 41. bxc5 e3+ 42. Kf1 Rd2 43. Rxd2 exd2 44. Nxa7 Ne3+ 45. Kf2 d1Q 46. Bxd1 Nxd1+ 47. Ke2 Nb2 48. c6 Ba6 49. c7 Nxc4 50. c8Q+ Bxc8 51. Nxc8 Kf7 52. Kd3 Na5 53. Kc3 Kf6 54. a4 g5 55. Kb4 Nb7 56. Kb5 gxf4 57. gxf4 Ke6 58. Kb6 1-0

[Event "Oberliga Sued W 1819"]
[Site "Germany"]
[Date "2018.11.25"]
[Round "3.6"]
[White "Busche, Stefan"]
[Black "Grewenig, Jan"]
[Result "1/2-1/2"]
[WhiteElo "2057"]
[BlackElo "2129"]
[PlyCount "72"]
[EventDate "2018.10.21"]
[EventType "team-tourn"]
[EventRounds "9"]
[EventCountry "GER"]
[SourceTitle "EXT 2020"]
[Source "ChessBase"]
[SourceDate "2019.10.17"]
[SourceVersion "1"]
[SourceVersionDate "2019.10.17"]
[SourceQuality "1"]
[WhiteTeam "Saarbruecken SVG"]
[BlackTeam "Schwarzenbach Caissa"]
[WhiteTeamCountry "GER"]
[BlackTeamCountry "GER"]

1. e4 c5 2. Nf3 d6 3. d4 cxd4 4. Nxd4 Nf6 5. Nc3 a6 6. Be2 e5 7. Nf3 Be7 8. Bg5 Be6 9. Bxf6 Bxf6 10. Nd5 Nd7 11. Bc4 0-0 12. 0-0 g6 13. Qe2 Bg7 14. Rfd1 b5 15. Bb3 Nc5 16. c4 Bg4 17. h3 Bxf3 18. Qxf3 Ne6 19. cxb5 axb5 20. Nc3 Nd4 21. Qd3 Rb8 22. Ne2 Kh8 23. Bd5 f5 24. Nxd4 exd4 25. b3 Qh4 26. Rf1 Rbc8 27. exf5 Rxf5 28. Be6 Rc3 29. Bxf5 Rxd3 30. Bxd3 Be5 31. a4 Qf4 32. g3 Qf3 33. Rfd1 Bxg3 34. fxg3 Qxg3+ 35. Kf1 Qf3+ 36. Kg1 Qg3+ 1/2-1/2

[Event "Oberliga Sued W 1718"]
[Site "Germany"]
[Date "2018.04.15"]
[Round "11.5"]
[White "Helbig, Daniel"]
[Black "Grewenig, Jan"]
[Result "1-0"]
[WhiteElo "2159"]
[BlackElo "2089"]
[PlyCount "75"]
[EventDate "2017.09.10"]
[EventType "team-tourn"]
[EventRounds "11"]
[EventCountry "GER"]
[SourceTitle "EXT 2019"]
[Source "ChessBase"]
[SourceDate "2018.10.10"]
[SourceVersion "1"]
[SourceVersionDate "2018.10.10"]
[SourceQuality "1"]
[WhiteTeam "Worms"]
[BlackTeam "Schwarzenbach Caissa"]
[WhiteTeamCountry "GER"]
[BlackTeamCountry "GER"]

1. Nf3 c5 2. g3 Nc6 3. Bg2 Nf6 4. d3 d5 5. 0-0 g6 6. Nbd2 Bg7 7. e4 0-0 8. Re1 e5 9. exd5 Nxd5 10. Nc4 Re8 11. c3 f6 12. d4 cxd4 13. Nxd4 Re7 14. Nxc6 bxc6 15. Be3 Ba6 16. Qa4 Bb5 17. Qb3 Rb8 18. Bc5 Rd7 19. Rad1 Ba6 20. Qa4 Bb5 21. Qb3 Ba6 22. Bb4 Kh8 23. Na5 Bb7 24. Nxb7 Rbxb7 25. Qa4 Qc8 26. Ba3 f5 27. Qc4 Rb8 28. Qc5 Rb5 29. Qc4 Rb8 30. Qa4 Rbb7 31. Qc4 Rb8 32. Qe2 Qb7 33. c4 Nf6 34. Qxe5 Rxd1 35. Rxd1 Ng4 36. Qe2 h5 37. b3 Qf7 38. Bxc6 1-0

[Event "Oberliga Sued W 1718"]
[Site "Germany"]
[Date "2018.02.25"]
[Round "9.5"]
[White "Forthoffer, Patrick"]
[Black "Grewenig, Jan"]
[Result "1-0"]
[WhiteElo "2188"]
[BlackElo "2089"]
[PlyCount "81"]
[EventDate "2017.09.10"]
[EventType "team-tourn"]
[EventRounds "11"]
[EventCountry "GER"]
[SourceTitle "EXT 2019"]
[Source "ChessBase"]
[SourceDate "2018.10.10"]
[SourceVersion "1"]
[SourceVersionDate "2018.10.10"]
[SourceQuality "1"]
[WhiteTeam "Saarbruecken Gambit"]
[BlackTeam "Schwarzenbach Caissa"]
[WhiteTeamCountry "GER"]
[BlackTeamCountry "GER"]

1. d4 Nf6 2. c4 c5 3. d5 b5 4. cxb5 a6 5. bxa6 g6 6. Nc3 Bxa6 7. e4 Bxf1 8. Kxf1 d6 9. Nf3 Bg7 10. g3 Nbd7 11. Kg2 0-0 12. a4 Ne8 13. Bd2 Nc7 14. h4 h6 15. Qe2 Rb8 16. Rhb1 Kh7 17. Nb5 Nxb5 18. axb5 Qb6 19. Ra5 Ra8 20. b4 cxb4 21. Rxa8 Rxa8 22. Rxb4 Rc8 23. Be3 Qa5 24. Rb1 Qa4 25. Nd2 Bd4 26. Bxd4 Qxd4 27. Nf3 Qc5 28. Qd3 Ra8 29. h5 Ra2 30. hxg6+ fxg6 31. Qd4 Ra7 32. Ng5+ Kg8 33. Ne6 Qxd4 34. Nxd4 Kf7 35. Nc6 Ra4 36. b6 Rxe4 37. b7 Re2 38. b8Q Nxb8 39. Rxb8 Rd2 40. Rb7 Re2 41. Kf1 1-0

[Event "GER CupT 1718 prel6"]
[Site "Bann"]
[Date "2018.01.14"]
[Round "2.4"]
[White "Weiss, Matthias"]
[Black "Grewenig, Jan"]
[Result "0-1"]
[WhiteElo "2050"]
[BlackElo "2111"]
[PlyCount "52"]
[EventDate "2018.01.13"]
[EventType "team-k.o."]
[EventRounds "2"]
[EventCountry "GER"]
[SourceTitle "EXT 2019"]
[Source "ChessBase"]
[SourceDate "2018.10.10"]
[SourceVersion "1"]
[SourceVersionDate "2018.10.10"]
[SourceQuality "1"]
[WhiteTeam "Schoeneck"]
[BlackTeam "Schwarzenbach"]
[WhiteTeamCountry "GER"]
[BlackTeamCountry "GER"]

1. e4 c5 2. Nf3 d6 3. c3 Nf6 4. Be2 Nc6 5. d4 cxd4 6. cxd4 Nxe4 7. d5 Qa5+ 8. Nc3 Nxc3 9. bxc3 Ne5 10. 0-0 g6 11. Nxe5 dxe5 12. Rb1 a6 13. Be3 Qa3 14. c4 Bg7 15. Bd2 a5 16. Rb6 Qxa2 17. d6 exd6 18. Rxd6 0-0 19. c5 e4 20. Be3 Be6 21. Bb5 a4 22. Qb1 Qxb1 23. Rxb1 Be5 24. Bd4 Bxd6 25. cxd6 Rfd8 26. Be5 a3 0-1

[Event "BL2-Sued 1617"]
[Site "Germany"]
[Date "2017.01.15"]
[Round "4.6"]
[White "Hacker, Jonas"]
[Black "Grewenig, Jan"]
[Result "1-0"]
[WhiteElo "2382"]
[BlackElo "2118"]
[PlyCount "67"]
[EventDate "2016.10.16"]
[EventType "team-tourn"]
[EventRounds "9"]
[EventCountry "GER"]
[SourceTitle "EXT 2018"]
[Source "ChessBase"]
[SourceDate "2017.10.13"]
[SourceVersion "1"]
[SourceVersionDate "2017.10.13"]
[SourceQuality "1"]
[WhiteTeam "Eppingen"]
[BlackTeam "Schwarzenbach"]
[WhiteTeamCountry "GER"]
[BlackTeamCountry "GER"]

1. e4 c5 2. Nf3 d6 3. d4 cxd4 4. Nxd4 Nf6 5. Nc3 a6 6. Bg5 Nbd7 7. Qe2 e6 8. 0-0-0 Be7 9. f4 Qc7 10. g4 h6 11. Bxf6 gxf6 12. Bg2 Nb6 13. Rd3 Bd7 14. b3 0-0-0 15. Kb1 Kb8 16. Bf3 Rc8 17. Rc1 Qc5 18. Qd2 Rc7 19. Nce2 h5 20. gxh5 f5 21. Ng3 fxe4 22. Nxe4 Qa3 23. c4 d5 24. Nc2 dxe4 25. Nxa3 exd3 26. c5 Bxc5 27. Qxd3 Rhc8 28. Nc4 Bb5 29. h6 Bf8 30. h7 Nxc4 31. bxc4 Bg7 32. Qd6 Ka8 33. Qxc7 Rxc7 34. Rg1 1-0

[Event "Oberliga Sued W 1415"]
[Site "Germany"]
[Date "2015.02.22"]
[Round "7.6"]
[White "Grewenig, Jan"]
[Black "Kahler, Heinz"]
[Result "1-0"]
[WhiteElo "2036"]
[BlackElo "2010"]
[PlyCount "105"]
[EventDate "2014.09.21"]
[EventType "team-tourn"]
[EventRounds "9"]
[EventCountry "GER"]
[SourceTitle "EXT 2019"]
[Source "ChessBase"]
[SourceDate "2018.10.10"]
[SourceVersion "1"]
[SourceVersionDate "2018.10.10"]
[SourceQuality "1"]
[WhiteTeam "Schwarzenbach Caissa"]
[BlackTeam "Schott Mainz II"]
[WhiteTeamCountry "GER"]
[BlackTeamCountry "GER"]

1. e4 e5 2. Nf3 Nc6 3. d4 exd4 4. Nxd4 Bc5 5. Nxc6 bxc6 6. Bd3 d6 7. 0-0 Ne7 8. Kh1 Ng6 9. f4 0-0 10. Nd2 f5 11. exf5 Bxf5 12. Bxf5 Rxf5 13. Ne4 Bb6 14. Qd3 Qd7 15. Ng3 Rf7 16. f5 Ne5 17. Qe2 Re8 18. Bf4 g6 19. Rad1 Qe7 20. Bxe5 Qxe5 21. Qc4 Qb5 22. Qg4 Ref8 23. Rf3 Qxb2 24. fxg6 Rxf3 25. gxh7+ Kh8 26. gxf3 Qxc2 27. Re1 Qxh7 28. Re6 Rg8 29. Qe4 Qxe4 30. fxe4 Rg7 31. Kg2 Kg8 32. h4 Kf7 33. Rh6 Be3 34. Rh5 Ke6 35. Kf3 Bd2 36. Nf5 Rf7 37. Ke2 Bc3 38. Kd3 Bf6 39. Rh6 Ke5 40. Nd4 c5 41. Rh5+ Kf4 42. Rf5+ Kg4 43. Ne6 d5 44. Rf4+ Kh5 45. e5 c4+ 46. Kc2 Kg6 47. Rxf6+ Rxf6 48. exf6 c6 49. Nd8 Kxf6 50. Nxc6 Kg6 51. Nxa7 Kh5 52. Nb5 Kxh4 53. a4 1-0

[Event "Staufer op-A 27th"]
[Site "Schwaebisch Gmuend"]
[Date "2015.01.05"]
[Round "7"]
[White "Stark, Lars"]
[Black "Grewenig, Jan"]
[Result "1-0"]
[WhiteElo "2454"]
[BlackElo "2015"]
[PlyCount "49"]
[EventDate "2015.01.02"]
[EventType "swiss"]
[EventRounds "9"]
[EventCountry "GER"]
[SourceTitle "CBM 164 Extra"]
[Source "ChessBase"]
[SourceDate "2015.03.02"]
[SourceVersion "1"]
[SourceVersionDate "2015.03.02"]
[SourceQuality "1"]

1. c4 c5 2. g3 Nc6 3. Bg2 g6 4. Nc3 Bg7 5. a3 b6 6. e3 Bb7 7. Nge2 d6 8. d4 Qd7 9. d5 Na5 10. b3 Nf6 11. Rb1 e6 12. e4 exd5 13. exd5 0-0 14. 0-0 Bc8 15. h3 Ne8 16. Bf4 a6 17. a4 Nc7 18. Ne4 Nb7 19. Bh6 f5 20. Bxg7 Qxg7 21. Ng5 Re8 22. Nf4 Nd8 23. Re1 Rxe1+ 24. Qxe1 Qe5 25. Qxe5 1-0

[Event "BL2-Sued 1314"]
[Site "Germany"]
[Date "2013.11.24"]
[Round "3.6"]
[White "Grewenig, Jan"]
[Black "Hirneise, Jens"]
[Result "1/2-1/2"]
[WhiteElo "2029"]
[BlackElo "2280"]
[PlyCount "107"]
[EventDate "2013.10.13"]
[EventType "team-tourn"]
[EventRounds "9"]
[EventCountry "GER"]
[SourceTitle "EXT 2015"]
[Source "ChessBase"]
[SourceDate "2014.11.20"]
[SourceVersion "1"]
[SourceVersionDate "2014.11.20"]
[SourceQuality "1"]
[WhiteTeam "Schwarzenbach"]
[BlackTeam "Schwaebisch Hall"]
[WhiteTeamCountry "GER"]
[BlackTeamCountry "GER"]

1. e4 c5 2. Nf3 Nc6 3. d4 cxd4 4. Nxd4 Nf6 5. Nc3 d6 6. Be2 e5 7. Nb3 Be7 8. 0-0 a5 9. Bg5 0-0 10. Bxf6 Bxf6 11. Nd2 Nd4 12. Nd5 Be6 13. c3 Nxe2+ 14. Qxe2 Bg5 15. Ne3 Qb6 16. Ndc4 Qa6 17. Rfe1 Rac8 18. Nd2 Qb6 19. Ndf1 g6 20. Red1 Rc5 21. Rd2 Qc6 22. Rad1 Rd8 23. Nd5 Kg7 24. Rd3 Qa6 25. Qf3 Bxd5 26. Rxd5 Qc4 27. Rxc5 dxc5 28. b3 Qe6 29. Rxd8 Bxd8 30. Qd3 Bg5 31. c4 Bc1 32. Ng3 b6 33. Qc2 Bf4 34. Ne2 Qd6 35. g3 Bg5 36. Kg2 Bf6 37. Kf1 h5 38. Nc3 Bd8 39. Qd1 Qd4 40. Qxd4 exd4 41. Nd5 Kf8 42. Ke2 Ke8 43. a4 Kd7 44. f4 Ke6 45. e5 Kf5 46. Kf3 g5 47. fxg5 Bxg5 48. Nxb6 Kxe5 49. Nd7+ Kd6 50. Nb6 f5 51. Nd5 Ke5 52. Nf4 Bxf4 53. gxf4+ Kd6 54. h4 1/2-1/2

[Event "BL2-Sued 1314"]
[Site "Germany"]
[Date "2013.10.13"]
[Round "1.6"]
[White "Grewenig, Jan"]
[Black "Sieglen, Joachim"]
[Result "1/2-1/2"]
[WhiteElo "2025"]
[BlackElo "2267"]
[PlyCount "52"]
[EventDate "2013.10.13"]
[EventType "team-tourn"]
[EventRounds "9"]
[EventCountry "GER"]
[SourceTitle "EXT 2015"]
[Source "ChessBase"]
[SourceDate "2014.11.20"]
[SourceVersion "1"]
[SourceVersionDate "2014.11.20"]
[SourceQuality "1"]
[WhiteTeam "Schwarzenbach"]
[BlackTeam "Untergrombach"]
[WhiteTeamCountry "GER"]
[BlackTeamCountry "GER"]

1. e4 e6 2. d4 d5 3. Nd2 Nf6 4. e5 Nfd7 5. c3 c5 6. f4 Nc6 7. Ndf3 Qb6 8. h4 Be7 9. Ne2 f6 10. a3 0-0 11. b4 cxd4 12. Nexd4 Ncxe5 13. fxe5 fxe5 14. Ne2 e4 15. Nfd4 e5 16. Nb3 Bxh4+ 17. Kd2 Be7 18. Kc2 Nf6 19. Bg5 Be6 20. Ng3 Qf2+ 21. Ne2 Ng4 22. Qc1 Bxg5 23. Qxg5 Ne3+ 24. Kd2 Nc4+ 25. Kc2 Ne3+ 26. Kd2 Nc4+ 1/2-1/2

[Event "GER-chT Lands U20"]
[Site "Hannover"]
[Date "2013.10.05"]
[Round "6.2"]
[White "Hoffmann, Tim"]
[Black "Grewenig, Jan"]
[Result "1/2-1/2"]
[WhiteElo "1949"]
[BlackElo "2153"]
[PlyCount "51"]
[EventDate "2013.10.02"]
[EventType "team-swiss"]
[EventRounds "7"]
[EventCountry "GER"]
[SourceTitle "EXT 2014"]
[Source "ChessBase"]
[SourceDate "2013.11.20"]
[SourceVersion "1"]
[SourceVersionDate "2013.11.20"]
[SourceQuality "1"]
[WhiteTeam "Thueringen"]
[BlackTeam "Saarland"]
[WhiteTeamCountry "GER"]
[BlackTeamCountry "SAA"]

1. e4 c5 2. Nf3 a6 3. c3 d5 4. exd5 Qxd5 5. d4 Nf6 6. Be2 e6 7. Be3 Nbd7 8. 0-0 Be7 9. c4 Qd6 10. h3 0-0 11. Nc3 cxd4 12. Nxd4 Qc7 13. Qc2 b6 14. Bf3 Bb7 15. Bxb7 Qxb7 16. Rad1 Rac8 17. Qe2 Ne5 18. b3 b5 19. Bd2 Ng6 20. cxb5 Nh4 21. Nf3 Nxf3+ 22. Qxf3 Qxf3 23. gxf3 axb5 24. Nxb5 Rc2 25. a3 Nd5 26. Bc1 1/2-1/2

[Event "GER-chT Lands U20"]
[Site "Hannover"]
[Date "2013.10.04"]
[Round "5.2"]
[White "Grewenig, Jan"]
[Black "Celmer, Ole"]
[Result "1/2-1/2"]
[WhiteElo "2153"]
[BlackElo "1890"]
[PlyCount "113"]
[EventDate "2013.10.02"]
[EventType "team-swiss"]
[EventRounds "7"]
[EventCountry "GER"]
[SourceTitle "EXT 2014"]
[Source "ChessBase"]
[SourceDate "2013.11.20"]
[SourceVersion "1"]
[SourceVersionDate "2013.11.20"]
[SourceQuality "1"]
[WhiteTeam "Saarland"]
[BlackTeam "Team Nord"]
[WhiteTeamCountry "SAA"]
[BlackTeamCountry "GER"]

1. e4 e5 2. Nf3 Nc6 3. d4 exd4 4. Nxd4 Nf6 5. Nxc6 bxc6 6. e5 Qe7 7. Qe2 Nd5 8. c4 Ba6 9. b3 g6 10. Bb2 Bg7 11. Nd2 0-0 12. 0-0-0 Rab8 13. Nf3 Qb4 14. Qd2 Qxd2+ 15. Nxd2 Nb6 16. Ne4 Bc8 17. Bd3 a5 18. Rhe1 a4 19. f4 axb3 20. axb3 d5 21. exd6 Bxb2+ 22. Kxb2 cxd6 23. Nxd6 Bg4 24. Be2 Bxe2 25. Rxe2 Na4+ 26. Kc2 Nc5 27. Ne4 Nxe4 28. Rxe4 Ra8 29. Kc3 Rfb8 30. Re7 Ra3 31. Rb1 c5 32. Re5 Rc8 33. Kb2 Ra7 34. Rbe1 Kf8 35. g4 Rb7 36. h4 Rd7 37. Kc3 Kg7 38. Rd5 Rb7 39. g5 h6 40. Rb1 hxg5 41. hxg5 Re7 42. Rbd1 Re4 43. Rf1 Re3+ 44. Rd3 Re4 45. Rff3 Re1 46. Rde3 Rc1+ 47. Kb2 Rd1 48. Re5 Rd2+ 49. Kc3 Rd1 50. Rd3 Rf1 51. Rdd5 Rf3+ 52. Kc2 Rb8 53. Rd3 Rf2+ 54. Kc3 Rc8 55. Re4 Rb8 56. Re5 Rc8 57. Re4 1/2-1/2

[Event "GER-ch U25 op-A"]
[Site "Oberhof"]
[Date "2013.05.19"]
[Round "2"]
[White "Grewenig, Jan"]
[Black "Fischer, Maxi"]
[Result "1-0"]
[WhiteElo "2002"]
[BlackElo "1497"]
[PlyCount "67"]
[EventDate "2013.05.19"]
[EventType "swiss"]
[EventRounds "9"]
[EventCountry "GER"]
[SourceTitle "CBM 154 Extra"]
[Source "ChessBase"]
[SourceDate "2013.06.25"]
[SourceVersion "2"]
[SourceVersionDate "2013.06.25"]
[SourceQuality "1"]

1. Nf3 Nc6 2. e4 e5 3. d4 exd4 4. Nxd4 Nf6 5. Nxc6 bxc6 6. Bd3 Bc5 7. 0-0 0-0 8. Nc3 Re8 9. Kh1 d5 10. Bg5 Be7 11. exd5 cxd5 12. Bxf6 Bxf6 13. Nxd5 Bxb2 14. Rb1 Rb8 15. Qh5 h6 16. a3 Qd6 17. Nc3 Be6 18. Nb5 Qe5 19. Qxe5 Bxe5 20. Nxa7 Ra8 21. Bb5 Rf8 22. Nc6 Bf6 23. a4 Bc8 24. Rfe1 Bf5 25. Re2 Kh7 26. h3 Rfe8 27. Rxe8 Rxe8 28. Nd4 Re5 29. Nxf5 Rxf5 30. Bd3 g6 31. Bxf5 gxf5 32. a5 Bd4 33. a6 Bb6 34. Rxb6 1-0

[Event "GER-chT Lands U20"]
[Site "Hannover"]
[Date "2012.10.02"]
[Round "6.3"]
[White "Grewenig, Jan"]
[Black "Celmer, Ole"]
[Result "1-0"]
[WhiteElo "2090"]
[BlackElo "1895"]
[PlyCount "67"]
[EventDate "2012.09.29"]
[EventType "team-swiss"]
[EventRounds "7"]
[EventCountry "GER"]
[SourceTitle "CBM 150 Extra"]
[Source "ChessBase"]
[SourceDate "2012.10.19"]
[SourceVersion "1"]
[SourceVersionDate "2012.10.19"]
[SourceQuality "1"]
[WhiteTeam "Saarland"]
[BlackTeam "Mecklenburg Vorpommern"]
[WhiteTeamCountry "GER"]
[BlackTeamCountry "GER"]

1. Nf3 Nf6 2. d4 e6 3. e3 b6 4. Bd3 Bb7 5. 0-0 Be7 6. Nbd2 0-0 7. b3 c5 8. Bb2 d5 9. Ne5 Nc6 10. f4 Rc8 11. c3 Nd7 12. Qe2 f5 13. c4 Nf6 14. cxd5 Nxd5 15. e4 fxe4 16. Nxc6 Bxc6 17. Qxe4 Nf6 18. Qxe6+ Kh8 19. Rae1 Re8 20. Nc4 Bd5 21. Qh3 Bxc4 22. bxc4 cxd4 23. Re6 h6 24. Qf5 Kg8 25. Rfe1 Rc5 26. Qg6 Rc8 27. g4 Bc5 28. g5 Rxe6 29. Rxe6 hxg5 30. fxg5 Nd7 31. Qh7+ Kf8 32. Qf5+ Kg8 33. Qd5 Nf8 34. Rd6+ 1-0

[Event "GER-chT Lands U20"]
[Site "Hannover"]
[Date "2012.10.01"]
[Round "4.3"]
[White "Grewenig, Jan"]
[Black "Becker, Matthias1111"]
[Result "0-1"]
[WhiteElo "2090"]
[BlackElo "2091"]
[PlyCount "52"]
[EventDate "2012.09.29"]
[EventType "team-swiss"]
[EventRounds "7"]
[EventCountry "GER"]
[SourceTitle "CBM 150 Extra"]
[Source "ChessBase"]
[SourceDate "2012.10.19"]
[SourceVersion "1"]
[SourceVersionDate "2012.10.19"]
[SourceQuality "1"]
[WhiteTeam "Saarland"]
[BlackTeam "Baden"]
[WhiteTeamCountry "GER"]
[BlackTeamCountry "GER"]

1. e4 e5 2. Nf3 Nc6 3. d4 exd4 4. Nxd4 Nf6 5. Nxc6 bxc6 6. e5 Qe7 7. Qe2 Nd5 8. c4 Ba6 9. b3 g6 10. Bb2 Bg7 11. Nd2 0-0 12. 0-0-0 Rfe8 13. Nf3 Nb6 14. Qd2 c5 15. Qa5 Bb7 16. Bd3 Bxf3 17. gxf3 Bxe5 18. Ba3 d6 19. h4 Qf6 20. Be4 Rab8 21. Kc2 Qe6 22. h5 Nxc4 23. bxc4 Qxc4+ 24. Kd2 Bf4+ 25. Ke1 Rxe4+ 26. fxe4 Qxe4+ 0-1

[Event "GER-chT Lands U20"]
[Site "Hannover"]
[Date "2012.10.01"]
[Round "5.3"]
[White "Zimmermann, Christian"]
[Black "Grewenig, Jan"]
[Result "0-1"]
[WhiteElo "1980"]
[BlackElo "2090"]
[PlyCount "52"]
[EventDate "2012.09.29"]
[EventType "team-swiss"]
[EventRounds "7"]
[EventCountry "GER"]
[SourceTitle "CBM 150 Extra"]
[Source "ChessBase"]
[SourceDate "2012.10.19"]
[SourceVersion "1"]
[SourceVersionDate "2012.10.19"]
[SourceQuality "1"]
[WhiteTeam "Sachsen Anhalt"]
[BlackTeam "Saarland"]
[WhiteTeamCountry "GER"]
[BlackTeamCountry "GER"]

1. e4 c5 2. Nf3 Nc6 3. d4 cxd4 4. Nxd4 g6 5. Nc3 Bg7 6. Be3 Nf6 7. Bc4 Qa5 8. 0-0 0-0 9. f4 Qb4 10. Qd3 Qxb2 11. Ncb5 Qb4 12. Nb3 Na5 13. e5 Nxc4 14. exf6 Bxf6 15. Nc7 Nxe3 16. Qxe3 d6 17. Nxa8 Be6 18. a3 Qc4 19. Qxa7 Qxc2 20. Na5 Bxa1 21. Rxa1 Bd5 22. Kf1 Qxg2+ 23. Ke1 Qh1+ 24. Kd2 Qxa1 25. Nc7 Qb2+ 26. Ke1 Qc1+ 0-1

[Event "GER-chT Lands U20"]
[Site "Hannover"]
[Date "2012.09.30"]
[Round "3.3"]
[White "Marx, Joschka"]
[Black "Grewenig, Jan"]
[Result "0-1"]
[WhiteElo "1993"]
[BlackElo "2090"]
[PlyCount "90"]
[EventDate "2012.09.29"]
[EventType "team-swiss"]
[EventRounds "7"]
[EventCountry "GER"]
[SourceTitle "CBM 150 Extra"]
[Source "ChessBase"]
[SourceDate "2012.10.19"]
[SourceVersion "1"]
[SourceVersionDate "2012.10.19"]
[SourceQuality "1"]
[WhiteTeam "Schleswig Holstein"]
[BlackTeam "Saarland"]
[WhiteTeamCountry "GER"]
[BlackTeamCountry "GER"]

1. c4 c5 2. Nf3 Nc6 3. Nc3 g6 4. d4 cxd4 5. Nxd4 Bg7 6. Nxc6 bxc6 7. e4 d6 8. Be2 Nf6 9. 0-0 0-0 10. Be3 Be6 11. Qc2 Qa5 12. f4 Rfd8 13. f5 Bc8 14. Rad1 Nd7 15. Kh1 Ne5 16. c5 Ba6 17. cxd6 Bxe2 18. Qxe2 Rxd6 19. Rxd6 exd6 20. fxg6 hxg6 21. Rd1 Qd8 22. Nb1 Qe7 23. Bd4 Rb8 24. Bc3 Qe6 25. a3 Qc4 26. Qxc4 Nxc4 27. Bxg7 Kxg7 28. b4 Rd8 29. Rd4 d5 30. exd5 Rxd5 31. Rxd5 cxd5 32. Kg1 Kf6 33. Kf2 Ke5 34. Ke2 Kd4 35. h4 f5 36. g3 Ne3 37. Nd2 Nc2 38. Nf3+ Kc3 39. Ne5 d4 40. Kd1 d3 41. Nf3 Ne3+ 42. Ke1 Nc4 43. Kd1 Nxa3 44. Ne5 Nc2 45. Nf3 Nxb4 0-1